Statistics for Every Chubby Checker song that hit the Billboard hot 100

Click here to take the quiz!

General Stats

  • This quiz has been taken 4 times
  • The average score is 10 of 32

Answer Stats

Peak Chart PositionYearSong% Correct
11960The Twist
100%
81961Let's Twist Again
100%
821969Back In The U.S.S.R.
50%
211962Jingle Bell Rock
50%
381959The Class
25%
911982Running
25%
761966Hey You! Little Boo-Ga-Loo
25%
721962La Paloma Twist
25%
701965Lovely, Lovely (Loverly, Loverly)
25%
681961Twistin' U.S.A.
25%
551963Surf Party
25%
501964She Wants T' Swim
25%
431961Good, Good Lovin'
25%
421963Whole Lotta Shakin' Goin' On
25%
401964Lazy Elsie Molly
25%
401965Let's Do The Freddie
25%
241961(Dance The) Mess Around
25%
251963Twist It Up
25%
11961Pony Time
25%
231964Hey, Bobba Needle
25%
201963Let's Limbo Some More
25%
171964Hooka Tooka
25%
151963Twenty Miles
25%
141960The Hucklebuck
25%
121963Birdland
25%
121962Dancin' Party
25%
121963Loddy Lo
25%
101962Popeye (The Hitchhiker)
25%
71961The Fly
25%
31962Slow Twistin'
25%
21962Limbo Rock
25%
981963Black Cloud
25%

Score Distribution

Percentile by Number Answered

Percent of People with Each Score

Your Score History

You have not taken this quiz